Focus (Record no. 76868)

MARC details
000 -LEADER
fixed length control field 01035cab a2200229 4500
001 - CONTROL NUMBER
control field ##L133214
008 - FIXED-LENGTH DATA ELEMENTS--GENERAL INFORMATION
fixed length control field 060420n2006 000 0 eng u
035 ## - SYSTEM CONTROL NUMBER
System control number (Sirsi) u133214
041 0# - LANGUAGE CODE
Language code of text/sound track or separate title eng
100 1# - MAIN ENTRY--PERSONAL NAME
Personal name Harris, David
245 ## - TITLE STATEMENT
Title Focus
Remainder of title Surrey and Sussex
260 ## - PUBLICATION, DISTRIBUTION, ETC.
Date of publication, distribution, etc. 2006
490 #0 - SERIES STATEMENT
Series statement Estates Gazette
Volume/sequential designation (0615) 15 April 2006, 93-115(12)
520 ## - SUMMARY, ETC.
Summary, etc. Covers the Guildford office market where developers are reluctant to build speculatively despite a lack of new offices. Reports on the developer battles over the Croydon Gateway project and retail expansion. Reviews the space shortages hitting the Surrey industrial market, the masterplan for Haywards Heath, Burgess Hill and East Grinstead, South Coast development plans including Brighton Marina and Crawley town centre improvements.
590 ## - LOCAL NOTE (RLIN)
Local note IKA250406
690 ## - LOCAL SUBJECT ADDED ENTRY--TOPICAL TERM (OCLC, RLIN)
Topical term or geographic name as entry element PROPERTY-COMMERCIAL PROPERTY-COMMERCIAL PROPERTY MARKET
700 1# - ADDED ENTRY--PERSONAL NAME
Personal name Cunningham, Daniel
700 1# - ADDED ENTRY--PERSONAL NAME
Personal name Jack, Simon
700 1# - ADDED ENTRY--PERSONAL NAME
Personal name Killick, Steve
700 1# - ADDED ENTRY--PERSONAL NAME
Personal name Cavanagh, Elaine
942 ## - ADDED ENTRY ELEMENTS (KOHA)
Suppress in OPAC 0
Holdings
Withdrawn status Lost status Source of classification or shelving scheme Damaged status Not for loan Home library Current library Shelving location Date acquired Total Checkouts Full call number Barcode Date last seen Copy number Price effective from Koha item type
    Dewey Decimal Classification     London London Journal article 20/04/2006   L133214 133214-1001 06/08/2019 1 06/08/2019 Journal article